Score 0/24 Timer 03:00
1 Play Today
Question Answer Wrong Answers
The Sorting Hat The Philosopher’s Stone
88.4%
The Chamber of Secrets
1.7%
The Prisoner of Azkaban
0.9%
The Goblet of Fire
1%
The Boy Who Lived The Philosopher's Stone
87.3%
The Chamber of Secrets
1.7%
The Prisoner of Azkaban
1.1%
The Goblet of Fire
1.8%
The Triwizard Tournament The Goblet of Fire
86%
The Philosopher’s Stone
2.3%
The Chamber of Secrets
2%
The Prisoner of Azkaban
1.7%
The Yule Ball The Goblet of Fire
83.3%
The Philosopher’s Stone
2.6%
The Chamber of Secrets
2.6%
The Prisoner of Azkaban
3.4%
Gilderoy Lockhart The Chamber of Secrets
82.1%
The Philosopher’s Stone
3.6%
The Prisoner of Azkaban
3.9%
The Goblet of Fire
2.7%
The Hungarian Horntail The Goblet of Fire
81.3%
The Philosopher’s Stone
3.9%
The Chamber of Secrets
3.5%
The Prisoner of Azkaban
3.3%
The Man with Two Faces The Philosopher’s Stone
80.3%
The Chamber of Secrets
4%
The Prisoner of Azkaban
3.7%
The Goblet of Fire
3.8%
The Mirror of Erised The Philosopher’s Stone
79.7%
The Chamber of Secrets
5.9%
The Prisoner of Azkaban
3.3%
The Goblet of Fire
2.6%
Nicolas Flamel The Philosopher’s Stone
79.2%
The Chamber of Secrets
4.7%
The Prisoner of Azkaban
3.8%
The Goblet of Fire
4.3%
Moony, Wormtail, Padfoot and Prongs The Prisoner of Azkaban
79.2%
The Philosopher’s Stone
3.1%
The Chamber of Secrets
4.6%
The Goblet of Fire
5.2%
The Portkey The Goblet of Fire
78%
The Philosopher’s Stone
3.5%
The Chamber of Secrets
4.8%
The Prisoner of Azkaban
5.7%
Dobby's Warning The Chamber of Secrets
76.6%
The Philosopher’s Stone
2.2%
The Prisoner of Azkaban
8.1%
The Goblet of Fire
5.1%
The Knight Bus The Prisoner of Azkaban
75.8%
The Philosopher’s Stone
4.4%
The Chamber of Secrets
7.4%
The Goblet of Fire
4.2%
The Marauder's Map The Prisoner of Azkaban
74.7%
The Philosopher’s Stone
4.5%
The Chamber of Secrets
9.3%
The Goblet of Fire
3.6%
Aragog The Chamber of Secrets
72.4%
The Philosopher’s Stone
8.6%
The Prisoner of Azkaban
7.4%
The Goblet of Fire
3.5%
The Polyjuice Potion The Chamber of Secrets
70.7%
The Philosopher’s Stone
9.7%
The Prisoner of Azkaban
5.6%
The Goblet of Fire
6.2%
The Forbidden Forest The Philosopher’s Stone
68.2%
The Chamber of Secrets
16.9%
The Prisoner of Azkaban
4.8%
The Goblet of Fire
2%
Professor Trelawney's Prediction The Prisoner of Azkaban
68.1%
The Philosopher’s Stone
4.6%
The Chamber of Secrets
5.6%
The Goblet of Fire
13.7%
The Whomping Willow The Chamber of Secrets
66.3%
The Philosopher’s Stone
6.2%
The Prisoner of Azkaban
17.8%
The Goblet of Fire
1.9%
The Death Eaters The Goblet of Fire
65%
The Philosopher’s Stone
3.3%
The Chamber of Secrets
2.9%
The Prisoner of Azkaban
20.7%
Aunt Marge's Big Mistake The Prisoner of Azkaban
64.7%
The Philosopher’s Stone
6.4%
The Chamber of Secrets
17.1%
The Goblet of Fire
3.6%
Hermione's Secret The Prisoner of Azkaban
64.3%
The Philosopher’s Stone
5.6%
The Chamber of Secrets
12.7%
The Goblet of Fire
9.6%
Veritaserum The Goblet of Fire
61%
The Philosopher’s Stone
4.6%
The Chamber of Secrets
9.9%
The Prisoner of Azkaban
16.2%
Cornelius Fudge The Chamber of Secrets
29.4%
The Philosopher’s Stone
9.2%
The Prisoner of Azkaban
33.1%
The Goblet of Fire
20.2%

Today's Daily Dose

You're not logged in!

Compare scores with friends on all Sporcle quizzes.
OR
Log In

Sporcle TV

Today on Sporcle TV


Watch our educational content, quiz creation guides, and fun videos on Sporcle TV.

Show Comments

Extras

Top Quizzes Today


Score Distribution

Paid Content

Your Account Isn't Verified!

In order to create a playlist on Sporcle, you need to verify the email address you used during registration. Go to your Sporcle Settings to finish the process.

Report this User

Report this user for behavior that violates our Community Guidelines.

Details: